000 00566nam a2200217Ia 4500
005 20241129120228.0
008 241129s9999||||xx |||||||||||||| ||und||
020 _a9789395737722
037 _aTB
040 _aSDCL
_beng
_cSDCL
041 _ahin
_2hin
084 _aO152,3NR, R3
_qSDCL
100 _aRamanand
_9632472
245 0 _aHamara jeevan hamari yadein
260 _aDelhi
_bRajkamal Prakashan India
_c2023
300 _a135p.
365 _aINR
_b199
650 _aReference
942 _cTB
_hO152,3NR, R3
999 _c1233906
_d1233906